000 00199nam a22000977a 4500
041 _aENG
245 _aDraught Animal Power Manual
260 _aDelhi
_bFAO
_c1995
650 _aFMP
856 _uFMP ( 04 )
999 _c1471
_d1471